00478nam a22001697a 450000500170000000800410001704000190005804100120007708200150008910000160010424500890012026000320020930000170024165000140025870000260027285000100029820250630144956.0250630b |||||||| |||| 00| 0 eng d aLoreto College aEnglish a915.4bSPA aSpate,O.H.K aIndia and Pakistanba general and regional geographycO.H.K SPate and T. A Learmonth aLondonbMethuen & co.c1972 a877p.b23cm. aGeography 4AuthaLearmonth,T. A  aLCLIB